| 000 | 00506nam a2200193Ia 4500 | ||
|---|---|---|---|
| 001 | 18427 | ||
| 003 | IN-NITTTR | ||
| 005 | 20251114233214.0 | ||
| 008 | 251113s9999||||xx |||||||||||||| ||eng|| | ||
| 040 | _beng | ||
| 040 | _cIN-NITTTR | ||
| 041 | _aeng | ||
| 082 | _a543 S55F | ||
| 100 | _aSkoog, Douglas A. | ||
| 245 | 0 |
_aFundamentals of analytical chemistry. / _cSkoog, Douglas A., West, Donald M., Holler, F. James |
|
| 700 | _a Holler, F. James | ||
| 700 | _a West, Donald M. | ||
| 942 |
_2ddc _cBK |
||
| 999 |
_c21061 _d21061 |
||